| 000 | 01091nam a22002657a 4500 | ||
|---|---|---|---|
| 005 | 20170124103109.0 | ||
| 010 | _aA-920505 | ||
| 020 |
_c100.00 _a812140682 |
||
| 035 | _aA-920505 | ||
| 037 | _bCen Lib/Ret | ||
| 040 |
_aDPL _bHN |
||
| 082 |
_a821 _bप्रसाद |
||
| 100 |
_aप्रसाद, माता _979196 |
||
| 245 |
_aदिग्विजयी रावण / _cमाता प्रसाद |
||
| 246 |
_aDigvijayi ravan / _bby Mata Prasad |
||
| 260 |
_aनयी दिल्ली _bनेशनल पब्लिशिंग हाउस _c1998 |
||
| 270 |
_bनयी दिल्ली _a2/35, अंसारी रोड, दरियागंज _e110002 |
||
| 300 |
_axx,71पृ. _c19सेमी(सजिल्द) |
||
| 500 | _aसंदर्भ शामिल | ||
| 650 |
_aहिन्दी साहित्य _979197 |
||
| 650 |
_aहिन्दी -- गद्य _91413 |
||
| 650 |
_aHindi literature _979198 |
||
| 650 |
_aHindi -- prose _947734 |
||
| 942 |
_2ddc _cHN _h821 _mप्रसाद |
||
| 999 |
_c118270 _d118270 |
||